¿Existe una condición de juventud indígena? /
El artículo intenta caracterizar la juventud indígena a partir de la implicación de dos consideraciones fundamentales: una que ubica al joven indígena en el proceso organizativo, como un sujeto de précticas apropiadas otra que lo ubica en la institución escolar, que facilita el acceso a nuevos saber...
Guardat en:
| Autor principal: | |
|---|---|
| Format: | Text |
| Matèries: | |
| Etiquetes: |
Afegir etiqueta
Sense etiquetes, Sigues el primer a etiquetar aquest registre!
|
MARC
| LEADER | 00000 a a2200000 04500 | ||
|---|---|---|---|
| 001 | 10161 | ||
| 003 | |||
| 040 | |||
| 100 | |a Zapata Cardona, Carlos Andrés | ||
| 245 | |a ¿Existe una condición de juventud indígena? / |c Carlos Andrés Zapata Cardona | ||
| 520 | |a El artículo intenta caracterizar la juventud indígena a partir de la implicación de dos consideraciones fundamentales: una que ubica al joven indígena en el proceso organizativo, como un sujeto de précticas apropiadas otra que lo ubica en la institución escolar, que facilita el acceso a nuevos saberes que cuestionan los tradicionales y profundizan su vulnerabilidad a los ojos de su colectivo, y no permiten su acceso en igualdad de condiciones al mundo occidental. Los autores visualizan estas situaciones a través de la relación entre el joven y de su paso de niñoa adulto, lo organizativo a su alrededor y el ámbito escolar | ||
| 650 | |a JUVENTUD | ||
| 650 | |a POBLACION INDIGENA | ||
| 650 | |a CONDICIONES SOCIALES | ||
| 650 | |a PARTICIPACION SOCIAL | ||
| 650 | |a COLOMBIA | ||
| 773 | |g número 23; páginas 28-37 | ||
| 999 | |c 20016 |d 20016 | ||
